| 000 | 00740nam a2200241Ia 4500 | ||
|---|---|---|---|
| 003 | OSt | ||
| 005 | 20220926033903.0 | ||
| 006 | a|||||r|||| 00| 0 | ||
| 007 | ta | ||
| 008 | 220923b |||||||| |||| 00| 0 eng d | ||
| 037 | _cGeneral Book | ||
| 040 |
_aRTL _cRTL _beng |
||
| 041 |
_2eng _aeng |
||
| 082 | _aU43.1(X).N7, L3 | ||
| 100 |
_aSingh R L Ed. _9137014 |
||
| 111 |
_aInternational Geographical Union Symposium (15 : : ) _9339673 |
||
| 245 | 0 | _aUrban geography in developing countries | |
| 260 |
_aVaranasi _bNational Geographical Society of India India _c1973 |
||
| 300 |
_axxxv,371p _ccm. |
||
| 650 | _aUrban Geography | ||
| 942 |
_hU43.1(X).N7, L3 _cGB _2CC |
||
| 999 |
_c658189 _d658189 |
||